Obálka Náhled e-knihy:
PDF Epub
Pro půjčování e-knih musíte být přihlášeni.
Jak si půjčit online?

Humor & sex. 4, To nej z knih 1, 2 a 3 /

Výbor z autorčiných erotických variací na známé pohádkové i jiné náměty.

Uloženo v:
Série:Humor & Sex, část 4
Hlavní autor: Moody, Jitka, 1973- (Autor)
Médium: E-kniha
Jazyk:Czech
Vydáno: [Brno] : Jitka Moody, 2023
Vydání:První vydání
Témata:
Příbuzné jednotky:Z cyklu:: Humor & Sex
Tagy:
Žádné tagy
LEADER 02303nam a2200469 i 4500
001 311885
003 CZ PrSKC
005 20260601215713.0
007 ta
008 230307s2023 xr e 000 j cze
015 |a cnb003494353 
020 |a 9788090885844  |q (brožováno) 
035 |a (OCoLC)1375348800 
040 |a ABG001  |b cze  |d ABA001  |e rda 
072 7 |a 821.162.3-3  |x Česká próza  |2 Konspekt 
080 |a 821.162.3-32  |2 MRF 
080 |a (0:82-993)  |2 MRF 
080 |a (0:82-321.5)  |2 MRF 
100 1 |a Moody, Jitka,  |d 1973-  |7 mzk2008453312  |4 aut  |4 pbl 
245 1 0 |a Humor & sex.  |n 4,  |p To nej z knih 1, 2 a 3 /  |c Jitka Moody 
246 3 |a Humor a sex 
246 3 |i Název v tiráíži:  |a Humor & sex 04 - To nej z knih 1, 2 a 3 
246 3 0 |a To nej z knih 1, 2 a 3 
250 |a První vydání 
264 1 |a [Brno] :  |b Jitka Moody,  |c 2023 
300 |a 161 stran ;  |c 20 cm 
336 |a text  |b txt  |2 rdacontent 
337 |a bez média  |b n  |2 rdamedia 
338 |a svazek  |b nc  |2 rdacarrier 
520 2 |a Výbor z autorčiných erotických variací na známé pohádkové i jiné náměty.  |b Výběr 15 příběhů, které autorka považuje za to, co se nejvíce povedlo z erotických pohádek, nemravných padouchů a hrdinů a hříchů králů a královen. Jestli máte rádi humor, vychutnáte si sarkasmus a potěší vás peprnější příběhy, kde erotika tomu všemu dává kouzlo, zkuste se začíst právě do této knihy. Nakladatelská anotace. Kráceno. 
655 7 |a české povídky  |7 fd133971  |2 czenas 
655 7 |a erotické povídky  |7 fd132208  |2 czenas 
655 7 |a humoristické povídky  |7 fd132428  |2 czenas 
655 9 |a Czech short stories  |2 eczenas 
655 9 |a erotic short stories  |2 eczenas 
655 9 |a humorous short stories  |2 eczenas 
900 |a ABA001  |b 19 
044 |a xr 
787 0 8 |g 4  |i Z cyklu:  |t Humor & Sex 
910 |a RBIT002 
998 |d 371576  |a https://core.palmknihy.cz/api/books/371576/cover?rrxdxx  |b https://core.palmknihy.cz/api/books/371576/cover/400?rrxdxx  |c https://core.palmknihy.cz/api/books/371576/cover/50?rrxdxx  |e   |g 164  |i 9788090885844  |j https://core.palmknihy.cz/api/books/371576/preview.epub  |k https://core.palmknihy.cz/api/books/371576/preview.pdf  |l   |q 49  |r 1  |s https://www.palmknihy.cz/kniha/371576  |t ebook  |y 2023  |z 0  |v Humor & Sex  |w 4 
999 |d 311883